UEFA Euro 2024 Qualification Groups - Statistics

General Stats
  • This quiz has been taken 594 times
  • The average score is 46 of 53
Answer Stats
Hint Answer % Correct
Group B France
95%
Group A Spain
95%
Group C England
94%
Group J Portugal
94%
Group B Netherlands
93%
Group C Italy
92%
Group A Norway
92%
Group F Belgium
91%
Group D Croatia
91%
Group B Ireland
91%
Group E Poland
91%
Group A Scotland
91%
Group F Sweden
91%
Group C Ukraine
91%
Group H Denmark
90%
Group H Finland
90%
Group H Slovenia
90%
Group D Wales
90%
Group B Greece
89%
Group G Serbia
89%
Group J Slovakia
89%
Group D Turkey
89%
Group F Austria
88%
Group F Estonia
88%
Group G Hungary
88%
Group I Romania
88%
Group J Luxembourg
87%
Group H San Marino
87%
Group I Switzerland
87%
Group E Albania
86%
Group E Czech Republic
86%
Group J Iceland
86%
Group D Latvia
86%
Group G Lithuania
86%
Group G Bulgaria
85%
Group C Malta
85%
Group J Bosnia and Herzegovina
84%
Group I Kosovo
84%
Group H Northern Ireland
84%
Group C North Macedonia
84%
Group I Andorra
83%
Group A Georgia
83%
Group J Liechtenstein
83%
Group I Belarus
82%
Group I Israel
81%
Group G Montenegro
81%
Group A Cyprus
79%
Group E Moldova
79%
Group D Armenia
78%
Group F Azerbaijan
77%
Group B Gibraltar
73%
Group H Kazakhstan
72%
Group E Faroe Islands
65%
No matching quizzes found
Score Distribution
Percent of People with Each Score
Percentile by Number Answered
Your Score History
You have not taken this quiz